000 00430nam a2200181Ia 4500
001 20840
005 20260306172835.0
008 260306t2017||||xx |||||||||||||| ||spa||
041 _aESP
082 _a343.8
_bG71
100 _aGonzález Bisso, Alfredo
_eAUT
245 0 _aAplicación practica del IGV
260 _c2017
300 _a246 páginas :
_c23 cm.
650 _aGEN
654 _aCDE
942 _cLIB
_dJUS
_fJUS
_2ddc
_n
999 _c20840
_d20840